000 00605nam a22001932 4500
001 0000008598
005 20151217161138.0
008 080430s xx 000 0 eng d
020 _a0801020743 :
_cKES 2500
040 _aKABU
_cKABU
245 1 0 _aEvangelical dictionary of the world missions /
_cgeneral editor, A. Scott Moreau.
260 _aGrand Rapids, MI :
_bBaker Books,
_c2000.
300 _a1068 p.
650 0 _aMissions
_vDictionaries.
_@0000159237
700 1 _aMoreau, A. Scott.
_@0000159238
908 _a080430
950 _@1
999 _c15046
_d15046